Electronic Measurements / (Record no. 181913)

000 -LEADER
fixed length control field 00994 a2200181 4500
003 - CONTROL NUMBER IDENTIFIER
control field Nust
005 - DATE AND TIME OF LATEST TRANSACTION
control field 20221123122131.0
040 ## - CATALOGING SOURCE
Transcribing agency Nust
082 ## - DEWEY DECIMAL CLASSIFICATION NUMBER
Classification number 621.381028,TER
100 ## - MAIN ENTRY--PERSONAL NAME
Personal name Frederick Emmons Terman
9 (RLIN) 103411
245 ## - TITLE STATEMENT
Title Electronic Measurements /
Remainder of title Frederick Emmons Terman
250 ## - EDITION STATEMENT
Edition statement 2nd ed.
260 ## - PUBLICATION, DISTRIBUTION, ETC.
Place of publication, distribution, etc. Mc Graw-Hill
Name of publisher, distributor, etc. New York
Date of publication, distribution, etc. 1952.
300 ## - PHYSICAL DESCRIPTION
Extent 707p
505 ## - FORMATTED CONTENTS NOTE
Formatted contents note Voltage and Current (Page-1), Power (Page-40), Circuits Constants of Lumped Circuits (Page-66), Circuits Constants in Systems Involving Distributed (Page-122), Measurement of Frequency (Page-193), Characteristics of Triodes, Pentodes and Similar Tubes (Page-289), Amplifier Measurements (Page-311), Receiver Measurements (Page-380), Radio Waves (Page-448), Laboratory Oscillators (Page-482), Generators of Special Waveforms (Page-533), Reactance and Resistance Stage Standers and Devices (Page-610), Attenuators and Signal Generators (Page-641).
650 ## - SUBJECT ADDED ENTRY--TOPICAL TERM
Topical term or geographic name entry element Telecommunication Engineering
942 ## - ADDED ENTRY ELEMENTS (KOHA)
Source of classification or shelving scheme
Koha item type Book
Holdings
Withdrawn status Lost status Source of classification or shelving scheme Damaged status Not for loan Permanent Location Current Location Shelving location Date acquired Full call number Barcode Date last seen Price effective from Koha item type Public note Total Checkouts
          Military College of Signals (MCS) Military College of Signals (MCS) General Stacks 12/12/2016 621.3810287,TER MCS5409 12/08/2016 12/12/2016 Book Almirah No.32, Shelf No.1  
          Military College of Signals (MCS) Military College of Signals (MCS) General Stacks 12/12/2016 621.3810287,TER MCS6806 12/08/2016 12/12/2016 Book Almirah No.32, Shelf No.1  
          Military College of Signals (MCS) Military College of Signals (MCS) General Stacks 11/23/2022 621.381028,TER MCS6613 11/23/2022 11/23/2022 Book Almirah No.32, Shelf No.1  
© 2023 Central Library, National University of Sciences and Technology. All Rights Reserved.